| 000 | 00352pam a2200145 a 4500 | ||
|---|---|---|---|
| 020 |
_a978-81-7671-015-6 _c |
||
| 041 | _h | ||
| 082 | _a620.1 | ||
| 100 |
_aHeither J _eAuthor |
||
| 245 |
_aAutomotive Mechanics 2nd _cHeither J _hTextual Documents |
||
| 250 | _a2nd ED | ||
| 260 |
_bEast- West Press Pvt. Ltd _c2013 |
||
| 300 | _a608 | ||
| 930 | _a1479 | ||
| 999 |
_c245339 _d245339 |
||